Common types of cheese - Statistics

General Stats
  • This quiz has been taken 188 times
    171 since last reset
  • The average score is 7 of 17
Answer Stats
cheese % Correct
cheddar
95%
swiss
65%
mozzarella
64%
parmesan
61%
gouda
60%
brie
58%
blue
53%
feta
48%
american
44%
cream
40%
pepperjack
33%
camembert
29%
provolone
28%
gorgonzola
21%
goat
20%
romano
15%
manchego
14%
No matching quizzes found
Score Distribution
Percent of People with Each Score
Percentile by Number Answered
Your Score History
You have not taken this quiz since the last reset